[Event "LTU-chT (Women)"]
[Site "Lithuania"]
[Date "2014.02.08"]
[Round "1"]
[White "Gailiunaite, Saule"]
[Black "Maciuityte, Meda"]
[Result "1-0"]
[WhiteElo "1635"]
[BlackElo "1456"]
[PlyCount "120"]
[EventDate "2014.02.08"]
[EventType "team-tourn"]
[EventRounds "5"]
[EventCountry "LTU"]
[SourceTitle "EXT 2016"]
[Source "ChessBase"]
[SourceDate "2015.10.08"]
[SourceVersion "1"]
[SourceVersionDate "2015.10.08"]
[SourceQuality "1"]

1. d4 Nf6 2. c4 g6 3. Nc3 Bg7 4. e4 0-0 5. Nf3 d6 6. Be2 Nbd7 7. Be3 b6 8. d5 Nc5 9. Nd2 a5 10. Rb1 e5 11. b3 Ne8 12. a3 f5 13. f3 f4 14. Bf2 Qg5 15. Bf1 Bd7 16. Qc2 h5 17. b4 axb4 18. axb4 Nb7 19. Nb3 Qe7 20. Nd1 Ba4 21. Nb2 Bxb3 22. Qxb3 Qd7 23. Nd3 Qa4 24. Qxa4 Rxa4 25. c5 bxc5 26. bxc5 Na5 27. Nb4 Nf6 28. cxd6 cxd6 29. Bb5 Ra3 30. 0-0 Rc8 31. Nc6 Nxc6 32. dxc6 d5 33. exd5 Bf8 34. Rfc1 Bd6 35. Bd3 g5 36. Bf5 Rc7 37. Rb8+ Kg7 38. Rb7 Rxb7 39. cxb7 Rb3 40. Rb1 Rxb1+ 41. Bxb1 Bb8 42. Ba2 g4 43. Kf1 Ne8 44. Bc4 Nd6 45. Ba6 Kf7 46. Ke2 Kf6 47. Kd3 Ke7 48. Bb6 Kd7 49. Kc3 e4 50. fxe4 Nxe4+ 51. Kd4 Nd6 52. Ba5 h4 53. Bd2 Nf5+ 54. Kd3 g3 55. hxg3 hxg3 56. Ke4 Nh4 57. Bxf4 Ba7 58. b8Q Bxb8 59. Bxb8 Nxg2 60. Bxg3 Ke7 1-0